00710nam a22001937a 450000500170000001000150001702000260003203500130005803700130007108200130008424501090009726000310020627000780023730000250031549001150034050000190045570000200047470000220049420150427110449.0 aENG-112314 a9781138796003c695.00 aEN-95846 bDBAD/PUB a306.0954 aSecularism,religion, and politics :cedited by Peter Losonczi [and] Walter Van HerckbIndia and Europe / aNew DelhibRoutledgec2015 a912,Tolstoy House, 15-17 Tolstoy Marg, Connaught PlacebNew Delhie110001 axiv,222p. c22cm(Hb) aEthics, Human rights and global political thought ; edited by Sebastiano Maffettone [and] Aakash Singh Rathore aIncludes index aLosonczi, Peter aHerck, Walter Van